00734 2200265 4500001002100000005001700021008004100038020002200079035002500101040001200126082001200138084001400150100001800164245008600182250001100268260002800279300003200307504003000339650001400369700001900383850001200402990001800414990001800432990001800450INLIS00000000001478820151007161725.0  a978-602-228-075-2 a0010-101500000000522 aYOPDYOG 223a658 a658 San T aSANDI Bangkit a13 kunci sukses manajer & supervisorc/ Sandi Bangkit; Penyunting, Wawan Setiawan aCet. 1 aYogyakartabKobisc2014 a216 hlm.b: ilus.c; 20 cm. aBibliografi: hlm. 212-214 aManajemen aWAWAN Setiawan aYOPDYOG a25879-PD/B.15 a25880-PD/B.15 a25881-PD/B.15